Old Presidents - Statistics

General Stats
  • This quiz has been taken 23 times
  • The average score is 12 of 14
Answer Stats
Predecessor President % Correct
Barack Obama Donald Trump
100%
Donald Trump Joe Biden
100%
Bill Clinton George W. Bush
95%
Jimmy Carter Ronald Reagan
91%
Abraham Lincoln Andrew Johnson
86%
John F. Kennedy Lyndon B. Johnson
86%
Grover Cleveland Benjamin Harrison
82%
Martin Van Buren William Henry Harrison
82%
John Quincy Adams Andrew Jackson
77%
Franklin Pierce James Buchanan
77%
Theodore Roosevelt William Howard Taft
77%
James A. Garfield Chester A. Arthur
73%
William Howard Taft Woodrow Wilson
73%
James K. Polk Zachary Taylor
68%
No matching quizzes found
Score Distribution
Percent of People with Each Score
Percentile by Number Answered
Your Score History
You have not taken this quiz